Statistics for Země podle písmene - S, Š

Click here to take the quiz!

General Stats

  • This quiz has been taken 121 times
  • The average score is 18 of 31

Answer Stats

Stát% Correct
Švédsko
89%
Slovensko
86%
Španělsko
84%
Švýcarsko
84%
Slovinsko
80%
Senegal
77%
Sýrie
70%
Saúdská Arábie
64%
Severní Korea
61%
Sri Lanka
61%
Súdán
61%
Samoa
59%
Seychely
59%
Singapur
59%
Spojené státy americké
59%
Srbsko
59%
Somálsko
57%
San Marino
55%
Surinam
55%
Salvador
52%
Spojené arabské emiráty
52%
Spojené království
50%
Svatá Lucie
50%
Svatý Tomáš a Princův ostrov
50%
Šalamounovy ostrovy
48%
Svatý Kryštof a Nevis
48%
Svazijsko
48%
Středoafrická republika
43%
Svatý Vincenc a Grenadiny
43%
Severní Makedonie
34%
Sierra Leone
27%

Score Distribution

Percentile by Number Answered

Percent of People with Each Score

Your Score History

You have not taken this quiz